=LDR 00000nam 2200000 4500 =001 INLIS000000000030577 =005 20130612132718 =008 ***********************************Ind** =035 ##$$0010-061300000030577 =041 ##$$a Ind =082 ##$$a 535.34 =090 ##$$a 535.84, Mcl, i =100 ##$$a Mclafferty,F.W =245 ##$$a Interpretasi Spektra Massa, F.W.Mclafferty;Editor,Chairil Anwar =260 ##$$a 1988 $b Yogyakarta =300 ##$$a xiv,379 hlm., ius.6c21 cm =700 ##$$a Anwar,chairil =850 ##$$a NBPNMAT